UM Logo

"I' m Just Being Honest." When and Why Honesty Enables Help Versus Harm / (Record no. 24393)

MARC details
000 -LEADER
fixed length control field 00791nam a22001937a 4500
003 - CONTROL NUMBER IDENTIFIER
control field OSt
005 - DATE AND TIME OF LATEST TRANSACTION
control field 20260302201821.0
008 - FIXED-LENGTH DATA ELEMENTS--GENERAL INFORMATION
fixed length control field 260302b |||||||| |||| 00| 0 eng d
040 ## - CATALOGING SOURCE
Transcribing agency 0
082 ## - DEWEY DECIMAL CLASSIFICATION NUMBER
Edition number DPer 155.205 J826 January-February 2021 v. 120 n. 1-2
100 ## - MAIN ENTRY--PERSONAL NAME
Personal name Levine, Emma
Relator term author.
9 (RLIN) 69905
245 ## - TITLE STATEMENT
Title "I' m Just Being Honest." When and Why Honesty Enables Help Versus Harm /
Statement of responsibility, etc. Emma Levine and David Munguia Gomez.
260 ## - PUBLICATION, DISTRIBUTION, ETC. (IMPRINT)
Place of publication, distribution, etc. Washington ;
Name of publisher, distributor, etc. American Psychological Association ,
Date of publication, distribution, etc. January 2021.
300 ## - PHYSICAL DESCRIPTION
Extent Volume 120, pages 33-56 :
Other physical details illustration ;
Dimensions 28 cm.
500 ## - GENERAL NOTE
General note Journal of Personality and Social Psychology, vol. 120, no. 1, pages 33-56, January 2021.
700 ## - ADDED ENTRY--PERSONAL NAME
Personal name Levine, Emma
Relator term author.
9 (RLIN) 69905
700 ## - ADDED ENTRY--PERSONAL NAME
Personal name Gomez, David Munguia
Relator term author.
9 (RLIN) 69906
942 ## - ADDED ENTRY ELEMENTS (KOHA)
Source of classification or shelving scheme Dewey Decimal Classification
Koha item type Periodicals
Holdings
Withdrawn status Lost status Source of classification or shelving scheme Damaged status Not for loan Home library Current library Date acquired Total Checkouts Date last seen Price effective from Koha item type
    Dewey Decimal Classification     UM Digos College - LIC UM Digos College - LIC 03/02/2026   03/02/2026 03/02/2026 Periodicals